Toutes les Langues Slaves sur une carte - Statistiques

Statistiques générales
  • Ce quiz a été pris 6 058 fois
  • Le résultat moyen est 13 sur 18
Réponses sur la Carte
Les réponses sont colorées sur une échelle allant du rouge au vert en fonction du pourcentage des utilisateurs qui les ont devinées à leur premier essai. Vous pouvez retrouver ces pourcentages ci-dessous.
 
Statistiques - réponses
Sous-famille Dialecte de L1 Langue % Correct
Orientales - 150 m Russe
100%
Orientales - 32 m Ukrainien
98%
Occidentales - 38 m Polonais
97%
Méridionales - 24 m Serbo-Croate
97%
Méridionales - 7.8 m Bulgare
94%
Occidentales - 5.2 m Slovaque
94%
Occidentales - 10 m Tchèque
94%
Méridionales Serbo-Croate 5.6 m Croate
92%
Méridionales Serbo-Croate 9.0 m Serbe
92%
Méridionales - 2.1 m Slovène
91%
Méridionales - 1.4 m Macédonien
89%
Orientales - 3.3 m Biélorusse
87%
Méridionales Serbo-Croate 2.5 m Bosnien
58%
Méridionales Serbo-Croate 240 k Monténégrin
46%
Occidentales Polonais 522 k Silésien
17%
Orientales 70 k Rusyn
15%
Occidentales - 50 k Cachoube
11%
Occidentales - 20 k Sorabe
11%
Aucun quiz correspondant
Distribution des résultats
% des personnes avec chaque résultat
Percentile par nombre de réponses
Votre historique - résultats
Vous n’avez pas pris ce quiz